000
00300nam a2200121Ia 4500
008
230907s9999||||xx |||||||||||||| ||und||
082
_a
541.361
_b
GLA
100
_a
Glassman, Irvin,
245
0
_a
Combustion /
260
_a
Academic Press,
_b
Oxford :
_c
2015
300
_a
xv, 757 pages :
942
_c
BK
999
_c
597911
_d
597911